| 000 | 00000nam##2200000za#4500 |
| 001 | 9.697712 |
| 003 | CaOODSP |
| 005 | 20210624235613 |
| 007 | cr ||||||||||| |
| 008 | 150407|2011||||xxc|||||o f|0| 0 eng|d |
| 040 | |aCaOODSP|beng |
| 043 | |an-cn--- |
| 086 | 1 |aH14-115/2011E-PDF |
| 110 | 1 |aCanada. |bHealth Canada. |
| 245 | 10|aAudit of the management of external communications : |h[electronic resource]|bfinal audit report / |c[by] Audit and Accountability Bureau. |
| 260 | |aOttawa - Ontario : |bHealth Canada |cMarch 2011. |
| 300 | |a22p.|btable |
| 590 | |a13-11-Supp|b2013-04-26 |
| 775 | 08|tVérification de la gestion des communications externes : |w(CaOODSP)9.641739 |
| 856 | 40|ahttp://publications.gc.ca|qPDF|s106 KB|uhttps://publications.gc.ca/collections/collection_2013/sc-hc/H14-115-2011-eng.pdf |